[Event "Danzhou 7th"]
[Site "Danzhou"]
[Date "2016.07.15"]
[Round "7"]
[White "Wang, Hao"]
[Black "Hou, Yifan"]
[Result "0-1"]
[WhiteElo "2734"]
[BlackElo "2653"]
[Annotator "Sadorra,J"]
[PlyCount "52"]
[EventDate "2016.07.08"]
[EventType "tourn"]
[EventRounds "9"]
[EventCountry "CHN"]
[EventCategory "20"]
[SourceTitle "CBM 174"]
[Source "ChessBase"]
[SourceDate "2016.09.13"]
[SourceVersion "1"]
[SourceVersionDate "2016.09.13"]
[SourceQuality "1"]

1. d4 Nf6 2. c4 e6 3. g3 d5 4. Nf3 Be7 5. Bg2 O-O 6. O-O dxc4 7. Ne5 $5 {
This move is becoming a more popular choice among Catalan practicioners as
Black is recently finding ways to equalize in the mainline 7.Qc2.} Nc6 8. Bxc6
bxc6 9. Nxc6 Qe8 10. Nxe7+ Qxe7 11. Qc2 $1 {This move came into the limelight
after Kramnik used it against Carlsen in the 2013 World Candidates
Championship.} c5 (11... e5 12. Rd1 $1 {the point, which won't be possible if
White had played 11.Qa4.} exd4 13. Rxd4 {with good chances to obtain an edge.
As of writing/annotating, the most recent game here goes:} Be6 14. Nc3 h6 15.
Be3 a6 16. Rad1 Rfd8 17. f3 Rxd4 18. Bxd4 Rd8 19. e4 $16 {1-0 (38) Levin,F 
(2511)-Naumkin,I (2431) Llucmajor ESP 2016}) 12. Qxc4 cxd4 13. Qxd4 e5 14. Qh4
Rb8 ({The most recent attempt here is} 14... Qb7 $5 $146 15. Nc3 Be6 16. Bg5
Ng4 $1 17. h3 Qxb2 $11 {0-1 (41) So,W (2770)-Kramnik,V (2812) Leuven BEL 2016.
Black has fully equalized and even won in the end.}) 15. b3 Qe6 16. Na3 $146 {
I have a hunch that this novelty was created otb, but if it was prepared, I
doubt it'll be repeated as it doesn't give Black any problems equalizing.} ({
Other moves tried here are} 16. Bg5 Nd5 17. e4 Nb4 18. Be7 Re8 19. Bxb4 Rxb4
20. Nc3 Bb7 $44 {1/2-1/2 (54) Lubbe,N (2490)-Antonsen,M (2469) Kolding DEN
2016, and Black's activity and White's slightly weakened king give Black
enough compensation for the pawn.}) (16. Qc4 Qd7 (16... Qxc4 17. bxc4 Ba6 18.
Na3 Rb4 (18... Rfc8 19. Be3 $14) 19. Rd1 $14) 17. Na3 Bb7 18. f3 Rfc8 19. Qd3
Qe6 $44 {1/2-1/2 (41) Tomashevsky,E (2747)-Jakovenko,D (2759) Chita RUS 2015})
16... Rd8 ({Even the natural} 16... Ba6 {works:} 17. Bb2 (17. Nc4 $2 Rfc8) (17.
Re1 h6 18. Bb2 Rfd8 $11) 17... Rfd8 (17... Bxe2 $2 18. Rfe1) 18. Rfe1 Rd2 19.
Bc3 Rxe2 20. Rxe2 Bxe2 21. Re1 Ba6 22. Rxe5 (22. Bxe5 Ng4 23. Bc3 Qf5 $36)
22... Qc6 23. Re3 Bb7 24. f3 Nd5 25. Rd3 Re8 $44) 17. Qc4 (17. Nc4 Ba6 18. Be3
Rd7 19. Rfd1 Nd5 (19... Rbd8 20. Rxd7 Rxd7 21. Rc1 h6 22. f3 e4 $1 $44 (22...
Nd5 23. Bf2)) 20. Bd2 Rc8 21. Rac1 h6 22. Be1 e4 $44) (17. Bb2 Ba6 $1 $44 {
transposes to note from move 16} (17... Rd2 $2 18. Rfd1)) (17. Be3 Ba6 18. Nc4
Rd7 {transposes to note from move 17.}) 17... Qh3 {Black clearly has enough
compensation for the pawn, as in Tomashevsky-Jakovenko game from move 16. It
is easier to play Black from a practical point of view as White always have to
watch out for threats at his weak kingside.} 18. f3 $8 Bb7 $6 (18... e4 $1 19.
Bg5 (19. fxe4 $2 Ba6 $1 (19... Ng4 $4 20. Qxf7+ Kh8 21. Qf8+) 20. Qxa6 Ng4 $19)
19... Be6 20. Qc2 Qf5 $1 21. Bxf6 Qxf6 22. Qxe4 Re8 23. Qc2 (23. Qd3 Rbd8 24.
Qc2 Qd4+ 25. Kg2 Rc8 $11) 23... Rbc8 24. Nc4 Bxc4 25. bxc4 Qd4+ 26. Kg2 Rxc4
$11) 19. Qc2 $2 ({I'm not sure why White didn't play the natural} 19. Bg5 {
maybe he was concerned of the tactical ideas after} Nd5 (19... Rbc8 20. Qh4 $1)
20. e4 $1 {I'm sure Wang Hao saw this possibility but he must have missed or
misassessed something in the line:} (20. Bxd8 $4 Ne3 $19) 20... Nf4 {this
seems to be more concerning} (20... Rdc8 21. Qe2 Nc3 22. Qe1 Ba6 23. Rf2 {
[%csl Rc3]} Nb5 (23... Rc7 24. Nc4 $1 Bxc4 25. Qxc3 $18) 24. Nxb5 Bxb5 25. Rd1
$16 {and White can make his extra pawn count in the end, but there are still
technical difficulties, of course.}) 21. Qc2 $1 {this cold-blooded defense can
be easily missed} (21. Bxf4 exf4 22. gxf4 Rd2) (21. gxf4 Rd2 22. Rf2 Rxf2 23.
Kxf2 Qxh2+ 24. Ke3 Rc8 $13 {and it's hard to assess this type of position
during play}) 21... Rbc8 22. Nc4 {All Black's pieces are active but there's no
way to breakthrough, and White eliminates the f4-knight he will trade Rs on
the d-file.} f6 23. Bxf6 gxf6 $1 24. gxf4 exf4 25. Rad1 $16) 19... e4 $1 {
A timely break, opening up lines of attack while the rest of White's army on
the queenside are still sleeping.} 20. Nc4 (20. f4 e3 $19) (20. Bg5 Ng4 $1 21.
fxg4 e3 22. Rf3 Bxf3 23. exf3 Rd2 $19) 20... Rbc8 {[%cal Gc8c2,Gf6g4,Gb7g2,
Gh3g2,Gd8d2] Bringing the last piece to the party!} (20... Ng4 {doesn't work
yet} 21. fxg4 e3 22. Nxe3) 21. Rf2 {Preventing the ...Ng4-threat} (21. Bg5 Ng4
$1 22. fxg4 e3 23. Rf3 Bxf3 24. exf3 Rd2 $1) 21... Qh5 (21... h5 $5 22. Bg5 (
22. Bf4 h4 23. Raf1 Nh5 $40) 22... h4 $1 23. Bxh4 (23. g4) (23. gxh4 exf3 24.
exf3 Bxf3 $40) (23. Bxf6 e3 24. Rg2 Rd2 $17) 23... e3 $1 24. Rg2 Rd2 $19) 22.
Be3 $2 {This is the only blunder of the game, and it usually only takes one to
lose to a World Champion.} ({The best defense was} 22. Bb2 $1 e3 (22... exf3
23. exf3 Bxf3 24. Bxf6 gxf6 25. Raf1 Qc5 {[%cal Gh2h4,Gg1h2] it's still easier
to play Black but White has good chances to hold.}) 23. Rg2 Rd2 (23... Ng4 $6
24. Rd1 $1 $13 {another cold-blooded move that keeps White in the game} (24.
fxg4 Qh3 $19) (24. h4 $5)) 24. Qc3 Rxe2 25. Rf1 $1 Rxg2+ 26. Kxg2 Bd5 $44 {
White is still under pressure, but there's no forcing win for Black in sight.})
22... exf3 23. exf3 Bxf3 24. Bg5 (24. Raf1 Be4 25. Qc1 (25. Qb2 Bd3 26. Re1 Ng4
$19) 25... Bd3 26. Re1 Ng4 27. Rg2 Ne5 {and White will suffer huge material
loss.}) 24... Be4 25. Qc1 Ng4 26. Re2 (26. Rb2 Rd3 {[%cal Gd3g3,Gh5h1,Gh2g3]}
27. Qf4 Re8 $19 {and something will eventually give.}) 26... Bf3 {With more
Black pieces invading and material losses coming, White resigned. An
impressive dynamic play from the reigning Women's World Champion!} 0-1

[Event "Grenke Chess Classic 4th"]
[Site "Karlsruhe/Baden-Baden"]
[Date "2017.04.15"]
[Round "1"]
[White "Hou, Yifan"]
[Black "Caruana, Fabiano"]
[Result "1-0"]
[WhiteElo "2649"]
[BlackElo "2817"]
[Annotator "Moradiabadi,E"]
[PlyCount "79"]
[EventDate "2017.04.15"]
[EventType "tourn"]
[EventRounds "7"]
[EventCountry "GER"]
[EventCategory "20"]
[SourceTitle "CBM 178"]
[Source "ChessBase"]
[SourceDate "2017.05.14"]
[SourceVersion "1"]
[SourceVersionDate "2017.05.14"]
[SourceQuality "1"]
[TimeControl "60"]

1. e4 {[%emt 0:00:00] In this game, Fabiano kept his decisive-result streak by
losing to Hou Yifan. This is the second time a lady has beaten a 2800, if my
recollection of chess history is still working!} e5 {[%emt 0:00:05]} 2. Nf3 {
[%emt 0:00:00]} Nc6 {[%emt 0:00:04]} 3. Bb5 {[%emt 0:00:00]} Nf6 {[%emt 0:00:
00] Fabiano opts for the solid Berlin. His Spanish adventure in the Breyer
went sour against Zherebukh in the US championship.} 4. O-O {[%emt 0:00:38]}
Nxe4 {[%emt 0:00:06]} 5. Re1 {[%emt 0:00:28] Hou Yifan goes for an ultra solid
line. This is the problem with the Berlin these days. If White so decides, he
or she can kill all of Black's counterplay and reduce his winning chances to
zero!} Nd6 {[%emt 0:00:00]} 6. Nxe5 {[%emt 0:00:06]} Be7 {[%emt 0:00:03]} 7.
Bf1 {[%emt 0:00:07]} O-O {[%emt 0:02:22]} 8. d4 {[%emt 0:01:35]} Nf5 {[%emt 0:
00:39]} 9. Nf3 {[%emt 0:00:07]} d5 {[%emt 0:00:22]} 10. c3 {[%emt 0:00:43]} Bd6
{[%emt 0:02:58]} 11. Nbd2 {[%emt 0:00:00] A rare line after some thought.
Black hopes to achieve a setup with ...Qf6, ...h6 and Nc6-e7, but White is
planning to play Bd3 and Nd2-f1-Ng3 to kill all Black's activity on the
kingside. The tricky thing about this move is that it is hard to understand if
White wants to concede a draw or still has some ambition to play on in this
position.} Nce7 {[%emt 0:07:34]} 12. Qc2 $146 {[%emt 0:07:09]} c6 {[%emt 0:05:
30]} 13. Bd3 {[%emt 0:04:07] Transposes to Topalov-Nakamura.} g6 {[%emt 0:02:
12]} 14. Nf1 {[%emt 0:02:19]} f6 $6 {[%emt 0:08:40] I am not sure if I can be
a fan of this move. It certainly covers the e5-square but it damages Black's
king for the rest of the game and almost kills the idea of any breakthrough or
active plan for Black. Now White has a simple play: occupy the e-file and wait!
} (14... Ng7 15. Ng3 f6 16. Bh6 Re8 17. Nh4 Bxg3 18. hxg3 Nef5 19. Qd2 g5 20.
Rxe8+ Qxe8 21. Re1 Qd8 22. Nxf5 Nxf5 23. Bxf5 Bxf5 24. Qe2 Kf7 25. g4 Bd7 26.
f4 Kg6 27. fxg5 fxg5 28. Qe5 Qf6 29. Qh2 Bxg4 30. Re5 Bf5 31. g4 Bxg4 32. Rxg5+
Qxg5 33. Bxg5 Kxg5 34. Qxh7 b6 35. Qb7 Rc8 36. Qxa7 b5 37. b3 Kf4 38. Kf2 Bf5
39. a4 bxa4 40. bxa4 Ke4 41. a5 Rh8 42. Qc7 Kd3 43. a6 {1-0 (43) Topalov,V 
(2760)-Nakamura,H (2779) Saint Louis 2016}) 15. h3 {[%emt 0:01:59]} Rf7 {
[%emt 0:16:03]} 16. Bd2 {[%emt 0:07:09]} Bd7 {[%emt 0:14:10]} 17. Re2 {[%emt 0:
00:00]} c5 $2 {[%emt 0:05:11] A strange decision by Fabiano, which was made
too quickly. Black is already in a difficult situation and misses what turns
out to be a decisive moment. Caruana's choice does not really cause White any
trouble and only exacebrates his own tenuous situation.} ({Black needed to
prepare his ...c5 idea with} 17... b6 $1 {If White lashes out with} 18. c4 {
then Black plays} dxc4 19. Bxc4 Nd5 20. Rae1 Rc8 {and Black should be ok.}) 18.
dxc5 {[%emt 0:09:31]} Bxc5 {[%emt 0:00:04] Now Black is also saddled with an
isolated pawn with no obvious compensation.} 19. Bf4 {[%emt 0:00:21]} (19. Ne3
{is also annoying.}) 19... Rc8 {[%emt 0:07:46]} 20. Rae1 {[%emt 0:06:20]} g5 $6
{[%emt 0:14:37]} (20... b5 {followed by ...a5 would have been my choice in
this position. Nevetheless, the position remains really bad for Black. Caruana,
however decides to go for a 'make or break' direction in my opinion.}) 21. Ng3
$1 {[%emt 0:23:24] A very strong move after a long think. Hou Yifan eliminates
Black's only active piece and takes away all of Black's possible play, leaving
him with numerous weaknesses.} Nxg3 {[%emt 0:01:11]} 22. Bxg3 {[%emt 0:00:04]}
a5 $6 {[%emt 0:06:04] Although I could say this move is weakening, the truth
is that it is hard to suggest anything for Black. These pawn moves are more
aimed at stopping White than expanding for Black.} 23. Qd2 {[%emt 0:03:04]} a4
{[%emt 0:08:01]} 24. b4 {[%emt 0:02:12]} axb3 {[%emt 0:00:06]} 25. axb3 {
[%emt 0:00:03] White's advantage is near decisive. h4, b4, or even c4 may lead
to opening the game into an uncomfortable situation for Black.} Ng6 {[%emt 0:
00:00]} 26. h4 {[%emt 0:07:03]} (26. b4 Bf8 27. Bc2 Bc6 (27... Bb5 28. Re3 f5
29. Re6 f4 30. Bxg6 hxg6 31. Bh2 {and White is almost attacking every single
pawn in Black's camp}) 28. Nd4 $18) 26... gxh4 {[%emt 0:00:39]} 27. Nxh4 {
[%emt 0:00:22]} Nxh4 {[%emt 0:00:57]} 28. Bxh4 {[%emt 0:00:02]} Qf8 {[%emt 0:
00:00]} 29. Qf4 {[%emt 0:05:33]} Bd6 {[%emt 0:00:46]} 30. Qd4 {[%emt 0:00:17]
It is really hard to suggest a good move for Black!} Rd8 {[%emt 0:00:18]} 31.
Re3 {[%emt 0:08:17]} Bc8 {[%emt 0:02:23]} 32. b4 $1 {[%emt 0:03:24] World
women No. 1 player takes her time.} Kg7 {[%emt 0:01:29]} ({She sees that after
} 32... Be5 33. Rxe5 fxe5 34. Rxe5 Re8 35. Rxd5 {Her attack on Black's king is
decisive.}) 33. Bb5 {[%emt 0:01:17] Now Re8 is a threat that cannot be
prevented.} Bc7 {[%emt 0:00:39]} 34. Re8 {[%emt 0:02:07]} (34. Be8 {is simpler
and it also looks cute!}) 34... Qd6 {[%emt 0:00:10]} 35. Bg3 {[%emt 0:03:54]}
Qb6 {[%emt 0:00:08]} 36. Qd3 {[%emt 0:00:11]} Bd7 {[%emt 0:01:10]} 37. Bxd7 {
[%emt 0:04:03]} Rdxd7 {[%emt 0:00:04]} 38. Qf5 $1 {[%emt 0:00:11] The Chinese
star had seen through these lines when she played Qd3.} Bxg3 {[%emt 0:00:47]}
39. Qg4+ {[%emt 0:00:05]} Kh6 {[%emt 0:00:03]} 40. Qh3+ {[%emt 0:00:00] A
great victory for Hou Yifan.} 1-0

[Event "Moscow FIDE GP"]
[Site "Moscow"]
[Date "2017.05.21"]
[Round "9"]
[White "Inarkiev, Ernesto"]
[Black "Hou, Yifan"]
[Result "0-1"]
[WhiteElo "2727"]
[BlackElo "2652"]
[PlyCount "68"]
[EventDate "2017.05.12"]
[EventType "swiss"]
[EventRounds "9"]
[EventCountry "RUS"]
[SourceTitle "CBM 179"]
[Source "ChessBase"]
[SourceDate "2017.07.12"]
[SourceVersion "1"]
[SourceVersionDate "2017.07.12"]
[SourceQuality "1"]

1. e4 e5 2. Nf3 Nc6 3. Bc4 Bc5 4. O-O Nf6 5. d3 d6 6. c3 a6 7. Re1 O-O 8. Bb3
h6 9. Nbd2 Ng4 10. Re2 Kh8 11. h3 f5 12. exf5 Nxf2 13. Rxf2 Bxf2+ 14. Kxf2 Bxf5
15. Qe2 d5 16. Kg1 Qd6 17. Bc2 Rf7 18. b4 a5 19. Bb2 axb4 20. cxb4 Nxb4 21.
Nxe5 Re7 22. Ndf3 Kg8 23. Qd2 Nxc2 24. Qxc2 c5 25. Qb3 Kh7 26. Kh1 d4 27. Bc1
Rxe5 28. Bf4 Qd5 29. Rb1 Qxb3 30. Rxb3 Rd5 31. Ne5 Rxa2 32. Rxb7 Re2 33. g4 Be6
34. Nc4 Rd8 0-1

[Event "Geneva FIDE GP"]
[Site "Geneva"]
[Date "2017.07.12"]
[Round "6"]
[White "Salem, AR Saleh"]
[Black "Hou, Yifan"]
[Result "0-1"]
[WhiteElo "2638"]
[BlackElo "2666"]
[Annotator "Szabo,Kr"]
[PlyCount "62"]
[EventDate "2017.07.06"]
[EventType "swiss"]
[EventRounds "9"]
[EventCountry "SUI"]
[SourceTitle "CBM 180"]
[Source "ChessBase"]
[SourceDate "2017.09.13"]
[SourceVersion "1"]
[SourceVersionDate "2017.09.13"]
[SourceQuality "1"]

1. e4 e5 2. Nf3 Nc6 3. Bc4 Bc5 4. c3 Nf6 5. d3 O-O 6. Bg5 (6. O-O) ({and} 6.
Bb3 {are the other main lines.}) 6... Be7 {This is the reason why Black didn't
play ...d6 earlier.} (6... h6 7. Bh4 Be7 {is more popular.}) 7. a4 (7. Nbd2 {
is the most natural.}) 7... d6 8. Nbd2 h6 $146 {A logical novelty by Hou Yifan.
} (8... a5 9. O-O h6 10. Bh4 Nh7 (10... Nh5 $5) 11. Bg3 Ng5 12. h3 Ne6 13. Re1
Bg5 14. Nf1 Bf4 15. Ne3 $14 {Demchenko-N.Nestorovic, Sarajevo 2017, with a
comfortable position for White.}) 9. Bxf6 {White gives up the bishop pair and
he prepares for the Nf1-e3 manoeuvre.} (9. Bh4 {is the alternative,} Nh5 10.
Bxe7 Qxe7 (10... Nxe7 $2 {could have been met by} 11. Nxe5 $1) 11. O-O Nf4 $132
{and Black looks active on the kingside.}) 9... Bxf6 10. Nf1 Ne7 11. Ne3 c6 {
Black controls the d5-square with his pawn. Now his pawn structure is also
flexible.} 12. Qb3 Rb8 ({The immediate} 12... Ng6 {was more natural for me.})
13. Qa2 Ng6 14. Rd1 Bg5 {Black activates his bishop.} ({The straightforward} 
14... Nf4 $5 {was also possible.}) 15. O-O Bxe3 (15... Bf4 $5) 16. fxe3 Qe7 17.
d4 Kh8 {A useful move. The king moves out from the pin and sometimes Black can
play for ...f5.} 18. Qa3 {A smart move, White puts pressure on d6. However
it's not a big danger for Black.} (18. b4) 18... Bg4 19. Ba2 (19. dxe5 $2 {
could have been met by} Bxf3 $1 20. gxf3 (20. Rxf3 {loses, because of} Nxe5 $19
) 20... Nxe5 $17 {and Black is better.}) 19... Rbd8 20. h3 Bxf3 21. Rxf3 f5 $1
{Very ambitious play!} 22. dxe5 ({In case of} 22. exf5 Nh4 $1 $17) ({or} 22.
Rxf5 Nh4 $1 23. Rxf8+ Rxf8 $17 {with ...Qg5 threatening.}) 22... Qxe5 23. Qb4
f4 $1 {Another great reply!} 24. Qd4 (24. exf4 $6 {is dubious because of} Nxf4
$17 {with strong pressure.}) 24... Qg5 {Black avoids the exchange of queens,
because he wants to continue the attack on the kingside.} 25. exf4 Nxf4 26. Qd2
Rf6 27. Kh2 Rdf8 28. Rg3 $6 {A dubious move, as the R will be trouble on g3.} (
28. g3 {was the best to simplify the position,} Ne6 29. Rxf6 Rxf6 30. Bxe6
Qxd2+ 31. Rxd2 Rxe6 {with a nearly equal endgame.}) 28... Qe5 29. Qd4 {
Otherwise ...Nh5.} Qh5 $6 {An inaccuracy, which allows White's possible next
move.} (29... Ng6 $1 $15 {is the most precise move, because the knight also
controls the important e5-square.}) 30. Qd2 $4 {The decisive blunder in time
trouble!} (30. e5 $1 {was the correct reply,} Rg6 (30... Qxe5 31. Qxe5 dxe5 32.
Rd7 $14 {and White has a comfortable endgame.}) (30... dxe5 31. Qd7 $1 {
and suddenly White gains the initiative.}) 31. Rxg6 Qxg6 32. Rd2 d5 {with a
double-edged fight.}) 30... Ne2 $1 $19 {The right move! White loses
immediately, because he can't avoid ...Qe5.} 31. Rf3 (31. Rd3 Qe5+ $19) 31...
Rxf3 0-1